75 prose pieces

Guardado en:
Bibliografiske detaljer
Format: Bog
Sprog:English
Udgivet: New York, Estados Unidos Charles Scribner´s sons 1961
Fag:
Tags: Tilføj Tag
Ingen Tags, Vær først til at tagge denne postø!

MARC

LEADER 00000nam a2200000Ia 4500
008 170316s9999 xx 000 0 eng d
040 |a cru BVZT 
090 |a C-810 S-2s 
245 |a 75 prose pieces 
260 |a New York, Estados Unidos 
260 |b Charles Scribner´s sons 
260 |c 1961 
300 |a 493 páginas 
650 |a LITERATURA ESTADOUNIDENSE 
650 |a CRÍTICA 
942 |c 15 D 
999 |c 12869  |d 12869